Malá encyklopédia Public relations. 6 Public relations štátnych orgánov a firiem

Subjektové a objektové hľadisko public relations štátnych orgánov: parlamentu, prezidenta, vlády, ministerstiev, regionov a miest, vytvorenie útvarov pre PR.PR a podnikatelia. Firmy ako objekt a subjekt PR. Princípy a metódy pôsobenia prostredníctvom PR. Publikum podnikateľských PR.

Salvato in:
Dettagli Bibliografici
Autore principale: Žáry, Ivan
Natura: Capitolo di libro
Lingua:slovacco
Soggetti:
Tags: Aggiungi Tag
Nessun Tag, puoi essere il primo ad aggiungerne!!

MARC

LEADER 00000naa a2200000 4500
001 r014758
005 20221213114550.2
041 0 |a slo 
044 |a SK 
245 1 0 |a Malá encyklopédia Public relations. 6  |b Public relations štátnych orgánov a firiem  |c Ivan Žáry 
520 |a Subjektové a objektové hľadisko public relations štátnych orgánov: parlamentu, prezidenta, vlády, ministerstiev, regionov a miest, vytvorenie útvarov pre PR.PR a podnikatelia. Firmy ako objekt a subjekt PR. Princípy a metódy pôsobenia prostredníctvom PR. Publikum podnikateľských PR. 
610 2 0 |a práca s verejnosťou 
610 2 0 |a orgány štátne 
610 2 0 |a parlamenty 
610 2 0 |a vláda 
610 2 0 |a ministerstvá 
610 2 0 |a regióny 
610 2 0 |a podnikatelia 
610 2 0 |a firmy 
610 2 0 |a mestá 
100 1 |a Žáry, Ivan